000 00732cab a2200229 4500
001 WB3047-46
008 090401t1994 xxu||||| |||| 00| 0 eng d
035 _a(Sirsi) u29997
041 _aeng
245 _aSparks fly over farmland pylons
260 _c1994
350 _a0
490 _aSunday Telegraph
_v11 December 1994, 10(2)
520 _aPlans to erect 50 miles of 400,000-volt power lines in Cleveland and North Yorkshire are opposed by farmers not wishing to have the pylons on their land.
650 _aCOMPENSATION
650 _aELECTRICITY PYLONS
650 _aNATIONAL GRID COMPANY
690 _aENVIRONMENTAL AND LAND CONSULTANCY-ENERGY
690 _aRURAL PRACTICE
942 _n0
948 _c04/03/1997
999 _c20189
_d20189